Introducción a los negocios y a su gestión

محفوظ في:
التفاصيل البيبلوغرافية
المؤلف الرئيسي: Camison Zornoza, César (coordinador)
مؤلفون آخرون: Dalmau Porta, Juan Ignacio (coordinador)
التنسيق: غير معروف
اللغة:الإنجليزية
منشور في: Madrid, España Prentice Hall 2009
الموضوعات:
الوسوم: إضافة وسم
لا توجد وسوم, كن أول من يضع وسما على هذه التسجيلة!

MARC

LEADER 00000 a2200000 4500
003 CL-VaPUC
005 20201218215406.0
008 201217b ||||| |||| 00| 0 eng d
999 |c 432356  |d 432354 
020 |a 9788483224878 
040 |c Pontificia Universidad Católica de Valparaíso 
082 |a 658.8 CAM 2009 
100 |a Camison Zornoza, César  |9 858895  |e coordinador 
245 |a Introducción a los negocios y a su gestión 
260 |a Madrid, España   |b Prentice Hall   |c 2009 
300 |a 796 páginas  
583 |k Cristina Rojas  |c 20201217 
650 |a Gestión de empresa  |9 859015 
650 |a Negocios   |x Gestión  |9 859016 
700 |a Dalmau Porta, Juan Ignacio  |e coordinador  |9 858910 
852 |a BIBCUR 
942 |2 ddc  |c BK 
952 |0 0  |1 0  |2 ddc  |4 0  |6 658_800000000000000_CAM_2009  |7 0  |8 A  |9 577211  |a BIBING  |b BIBING  |d 2020-12-17  |e 3  |g 21359.00  |i 5580382  |l 1  |o 658.8 CAM 2009  |p 5580382  |r 2025-01-20  |s 2024-10-24  |t 1  |v 21359.00  |w 2020-12-17  |y BK  |k EIB